| 000 | 00766cam a2200253 4500500 | ||
|---|---|---|---|
| 005 | 20260329005645.0 | ||
| 041 | _afre | ||
| 042 | _adc | ||
| 100 | 1 | 0 |
_aPépin, Charles _eauthor |
| 245 | 0 | 0 | _a“Dois-je laisser ma fille s’habiller comme elle le veut ?” Charles Pépin répond à vos dilemmes |
| 260 | _c2024. | ||
| 500 | _a79 | ||
| 690 | _aCharles Pépin | ||
| 690 | _aDilemme | ||
| 690 | _aDilemme moral | ||
| 690 | _aFéminisme | ||
| 690 | _aFéminité | ||
| 690 | _aMère | ||
| 690 | _aRegard | ||
| 690 | _aSartre | ||
| 690 | _aVêtement | ||
| 786 | 0 | _nPhilosophie magazine | 181 | 6 | 2024-07-01 | p. 29-29 | 1951-1787 | |
| 856 | 4 | 1 | _uhttps://shs.cairn.info/magazine-philosophie-magazine-2024-6-page-29?lang=fr&redirect-ssocas=7080 |
| 999 |
_c1845322 _d1845323 |
||